• 首页
  • 本馆介绍
  • 公告通知
  • 最新文献
  • 馆藏检索
  • 电子资源
  • 读者导购
  • 参考咨询
  • 我的图书馆
  • 登录
  • 详细信息显示
  • 放入我的书架
  • 预约/预借图书
  • 作者相关作品
  • 分类相关作品
  • 丛书相关作品
  • 出版社相关作品

书目信息

  • 表格格式
  • 工作单格式
  • 卡片格式
题名:
重订六书通
    
 
作者: 毕既明 篆订
分册:  
出版信息: 北京   中国书店  1980
页数: 360页
开本: 21cm
丛书名:
单 册:
中图分类: J292.4-61 , H123 , H22
科图分类:
主题词: 篆刻--中国--字典 , 汉字-字体--研究 , 字体-汉字--研究 , 少数民族--民族语--中国
电子资源:
ISBN:
000 00710nam0 2200277 45
001 1537254445
005 20150127215628.15
010    @dCNY1.90
100    @a19950408d1980 emky0chiy0121 ea
101 0  @achi
102    @aCN@b110000
105    @ay z 000yy
200 10 @a重订六书通@Achong ding liu shu tong@f(清)毕既明篆订
205    @b影印本
210    @a北京@c中国书店@d1980
215    @a360页@d21cm
606    @a篆刻@y中国@x字典
606    @a汉字-字体@x研究
606    @a字体-汉字@x研究
606 0  @a少数民族@x民族语@x中国
690    @aJ292.4-61@v3
690    @aH123@v3
690    @aH22@v4
701  0 @a毕既明@Abi ji ming@4篆订
801  0 @aCN@bTSSF@c20150127
905    @aZUCC@dH22@eJYJY3
    
    重订六书通/(清)毕既明篆订.-影印本.-北京:中国书店,1980
    360页;21cm
    
    
    ISBN :CNY1.90
    
●
相关链接 在E读中查询图书 在五车中查询图书 在当当中查询图书 在豆瓣中查询图书


正题名:重订六书通     索取号:H22/JYJY3         预约/预借

序号 登录号 条形码 馆藏地/架位号 状态 备注
1 7836911   278369114   学院路分馆/ [索取号:H22/JYJY3] 在馆    
唐山师范学院图书馆 欢迎您!
大连网信软件有限公司© 版权所有